| 000 | 00469cam a2200181ua 4500 | ||
|---|---|---|---|
| 001 | 12073 | ||
| 008 | 200218n ii |||gr||||Z||||||eng | ||
| 020 | _a9780198077428 | ||
| 040 | _cMAIN | ||
| 082 | _a954.025 | ||
| 100 |
_aIrfan Habib, _eAuthor. |
||
| 245 |
_aAgrarian system of mughal india 1556-1707 _cby Irfan Habib |
||
| 250 | _a3rd ed. | ||
| 260 |
_aNew Delhi: _bOxford university press, _c2014. |
||
| 300 | _a548p. | ||
| 653 | _aSouth Asia India | ||
| 942 | _cBK | ||
| 999 |
_c10851 _d10851 |
||